Immunology: a short course. (3rd ed.) (Record no. 31771)

MARC details
000 -LEADER
fixed length control field 00822nam a2200229 a 4500
008 - FIXED-LENGTH DATA ELEMENTS--GENERAL INFORMATION
fixed length control field 110919s1996 ||||||||||||||||| || u
020 ## - INTERNATIONAL STANDARD BOOK NUMBER
International Standard Book Number 0471597910
050 ## - LIBRARY OF CONGRESS CALL NUMBER
Classification number QR 181 Ben
100 ## - MAIN ENTRY--PERSONAL NAME
Personal name Benjamini, Eli
245 10 - TITLE STATEMENT
Title Immunology: a short course. (3rd ed.)
Statement of responsibility, etc. by Eli Benjamini, Geoffrey Sunshine and Sidney Leskowitz
250 ## - EDITION STATEMENT
Edition statement 3rd ed.
260 ## - PUBLICATION, DISTRIBUTION, ETC.
Place of publication, distribution, etc. New York:
Name of publisher, distributor, etc. Wiley-Liss
Date of publication, distribution, etc. 1996
300 ## - PHYSICAL DESCRIPTION
Extent xxx, 484p.: ill.
350 ## -
-- 0.00
650 ## - SUBJECT ADDED ENTRY--TOPICAL TERM
Topical term or geographic name entry element UROLOGIC DISEASES
650 #3 - SUBJECT ADDED ENTRY--TOPICAL TERM
Topical term or geographic name entry element IMMUNITY
650 ## - SUBJECT ADDED ENTRY--TOPICAL TERM
Topical term or geographic name entry element ALLERGY AND IMMUNOLOGY
650 #0 - SUBJECT ADDED ENTRY--TOPICAL TERM
Topical term or geographic name entry element IMMUNOLOGY
700 ## - ADDED ENTRY--PERSONAL NAME
Personal name Sunshine, Geoffrey
700 ## - ADDED ENTRY--PERSONAL NAME
Personal name Leskowitz, Sidney
995 ## -
-- MICHAEL CHILUFYA SATA OPEN ACCESS
-- 0.00
-- 901162
-- CBU-SCHOOL OF MEDICINE LIBRARY (Ndola)
-- 1
-- 0.00
-- QR 181 Ben
-- 1
-- AVAILABLE
-- Oct 14, 2011
-- 901162
-- Medical Library Open Access Collection
999 ## -
-- 31771
-- 31771
Holdings
Withdrawn status Lost status Source of classification or shelving scheme Damaged status Not for loan Permanent Location Current Location Shelving location Date acquired Total Checkouts Full call number Barcode Date last seen Price effective from Koha item type
          CBU-SCHOOL OF MEDICINE LIBRARY, NDOLA. CBU-SCHOOL OF MEDICINE LIBRARY, NDOLA.   11/30/2022   QR 181 Ben 901162 11/30/2022 11/30/2022 MONOGRAPH